[Event "21. Open Cappelle la Grande"]
[Site "Cappelle la Grande FRA"]
[Date "2005.02.13"]
[Round "3"]
[White "Riff, Jean Noel"]
[Black "Spence, David"]
[Result "1/2-1/2"]
[WhiteElo "2435"]
[BlackElo "2216"]
[PlyCount "73"]
[EventDate "2005.02.12"]
[EventType "swiss"]
[EventRounds "9"]
[EventCountry "FRA"]
[Source "lmi"]
[SourceDate "2005.02.18"]

1. e4 e6 2. d3 d5 3. Qe2 Be7 4. Nf3 Nf6 5. g3 c5 6. Bg2 Nc6 7. O-O O-O 8. e5
Nd7 9. c4 Nb6 10. h4 a5 11. Bf4 a4 12. Na3 Nb4 13. Nc2 Nxc2 14. Qxc2 Bd7 15.
Ng5 h6 16. Nf3 Bc6 17. Rad1 Qc7 18. Nh2 Rfd8 19. Ng4 Bf8 20. Rfe1 Kh8 21. Qe2
Nc8 22. Nf6 Ne7 23. Qh5 Ng6 24. Bxh6 gxh6 25. cxd5 Bxd5 26. Bxd5 Rxd5 27. Nxd5
exd5 28. e6 Bg7 29. Qxd5 Ne5 30. f4 fxe6 31. Qe4 Ng4 32. Qxe6 Bd4+ 33. Kg2 Rg8
34. Rd2 Qg7 35. Qe7 Qg6 36. Qe4 Qf6 37. Qe6 1/2-1/2

[Event "21. Open Cappelle la Grande"]
[Site "Cappelle la Grande FRA"]
[Date "2005.02.13"]
[Round "3"]
[White "Velikov, Petar"]
[Black "Czarnota, Dorota"]
[Result "1-0"]
[WhiteElo "2430"]
[BlackElo "2212"]
[PlyCount "69"]
[EventDate "2005.02.12"]
[EventType "swiss"]
[EventRounds "9"]
[EventCountry "FRA"]
[Source "lmi"]
[SourceDate "2005.02.18"]

1. c4 Nf6 2. g3 g6 3. Bg2 Bg7 4. Nc3 d6 5. d3 O-O 6. e4 e5 7. Nge2 Be6 8. h3
Qd7 9. Be3 c5 10. f4 Ne8 11. Qd2 Nc6 12. Nd5 Rb8 13. f5 gxf5 14. exf5 Bxf5 15.
g4 Bg6 16. Ng3 Nc7 17. Nxc7 Qxc7 18. h4 Qa5 19. Qxa5 Nxa5 20. O-O-O h6 21. Rhf1
b5 22. Bd2 Nb7 23. Nf5 bxc4 24. dxc4 Kh7 25. Be3 Na5 26. Nxd6 e4 27. Rf2 h5 28.
gxh5 Bxh5 29. Bxe4+ Kh8 30. Rd5 Bg4 31. Rxc5 Rbd8 32. Nxf7+ Rxf7 33. Rxf7 Nxc4
34. Rg5 Be6 35. Rfxg7 1-0

[Event "21. Open Cappelle la Grande"]
[Site "Cappelle la Grande FRA"]
[Date "2005.02.13"]
[Round "3"]
[White "Foisor, Sabina Francesca"]
[Black "Tissir, Mohamed"]
[Result "0-1"]
[WhiteElo "2229"]
[BlackElo "2426"]
[PlyCount "74"]
[EventDate "2005.02.12"]
[EventType "swiss"]
[EventRounds "9"]
[EventCountry "FRA"]
[Source "lmi"]
[SourceDate "2005.02.18"]

1. d4 e6 2. c4 c5 3. d5 exd5 4. cxd5 d6 5. Nc3 Ne7 6. e4 Ng6 7. Be3 Be7 8. Qd2
O-O 9. f4 a6 10. a4 Re8 11. Nf3 Nh4 12. Qf2 Bg4 13. Be2 Nxf3+ 14. Bxf3 Bh4 15.
g3 Bxf3 16. Qxf3 Bf6 17. O-O Nd7 18. Rae1 Qb6 19. Re2 Qb4 20. Bd2 Bd4+ 21. Kg2
Qb3 22. Qh5 b5 23. Qf5 Re7 24. a5 Rae8 25. Rfe1 Qxb2 26. Nd1 Qb3 27. Be3 g6 28.
Qh3 Bg7 29. Bd2 Nf6 30. Nc3 b4 31. Nd1 Rxe4 32. Rxe4 Qxd5 33. Nf2 Nxe4 34. Kg1
Qxd2 35. Rxe4 Rxe4 36. Qc8+ Bf8 37. Nxe4 Qe1+ 0-1

[Event "21. Open Cappelle la Grande"]
[Site "Cappelle la Grande FRA"]
[Date "2005.02.13"]
[Round "3"]
[White "Roger, Mehdi"]
[Black "Vovk, Yuri"]
[Result "0-1"]
[WhiteElo "2219"]
[BlackElo "2420"]
[PlyCount "70"]
[EventDate "2005.02.12"]
[EventType "swiss"]
[EventRounds "9"]
[EventCountry "FRA"]
[Source "lmi"]
[SourceDate "2005.02.18"]

1. e4 c5 2. Nc3 Nc6 3. Nge2 Nf6 4. d4 cxd4 5. Nxd4 e5 6. Ndb5 d6 7. Bg5 a6 8.
Na3 b5 9. Bxf6 gxf6 10. Nd5 f5 11. c3 Bg7 12. exf5 Bxf5 13. Nc2 O-O 14. Nce3
Be6 15. Bd3 f5 16. Bc2 Ra7 17. Qh5 Raf7 18. g4 Bxd5 19. Nxd5 e4 20. O-O-O b4
21. Rhg1 Ne5 22. Bb3 Kh8 23. Nf4 bxc3 24. g5 Rb7 25. Ne6 Qc8 26. Nxf8 Qxf8 27.
Qe2 Rc7 28. Kb1 a5 29. Qa6 Nd3 30. Rxd3 exd3 31. Qxd3 Qb8 32. Qc2 Rb7 33. Re1
a4 34. Bxa4 Rxb2+ 35. Kc1 Rxc2+ 0-1

[Event "21. Open Cappelle la Grande"]
[Site "Cappelle la Grande FRA"]
[Date "2005.02.13"]
[Round "3"]
[White "Dziuba, Marcin"]
[Black "Leite, Catarina"]
[Result "1-0"]
[WhiteElo "2416"]
[BlackElo "2203"]
[PlyCount "127"]
[EventDate "2005.02.12"]
[EventType "swiss"]
[EventRounds "9"]
[EventCountry "FRA"]
[Source "lmi"]
[SourceDate "2005.02.18"]

1. d4 d5 2. c4 c6 3. Nf3 Nf6 4. e3 Bg4 5. h3 Bxf3 6. Qxf3 e6 7. Nc3 Nbd7 8. Bd3
Bd6 9. O-O O-O 10. Bd2 dxc4 11. Bxc4 e5 12. Bb3 Qe7 13. Rad1 Rad8 14. Rfe1 Rfe8
15. a3 Nb6 16. dxe5 Qxe5 17. g3 Nbd7 18. e4 Qe7 19. Qe2 Nc5 20. Bc2 Be5 21. Kg2
Ne6 22. Bd3 Nd4 23. Qf1 Nb3 24. Be3 Nc5 25. Bxc5 Qxc5 26. Rc1 Qd6 27. Bb1 Nd7
28. f4 Bxc3 29. Rxc3 Nc5 30. Qf2 Ne6 31. Rce3 Qd4 32. e5 Nc5 33. f5 Kh8 34. b4
Na4 35. f6 g6 36. Ba2 Rf8 37. Qf3 Nb6 38. Qf4 Qxf4 39. gxf4 Rd2+ 40. R1e2 Rd4
41. Bxf7 Rxf7 42. e6 Rf8 43. e7 Kg8 44. exf8=Q+ Kxf8 45. Re8+ Kf7 46. R2e7+
Kxf6 47. Rxb7 Rd2+ 48. Kf3 Nd5 49. Rf8+ Ke6 50. Rxa7 Rd3+ 51. Ke4 Rxh3 52. Kd4
Rh1 53. Ra6 Rd1+ 54. Ke4 Kd6 55. Rc8 Rc1 56. Kd3 Kd7 57. Rh8 Nxf4+ 58. Kd2 Rh1
59. Rxh7+ Rxh7 60. Ra7+ Kd6 61. Rxh7 c5 62. b5 c4 63. b6 c3+ 64. Kd1 1-0

[Event "21. Open Cappelle la Grande"]
[Site "Cappelle la Grande FRA"]
[Date "2005.02.13"]
[Round "3"]
[White "Ferro, Mario"]
[Black "Shirazi, Kamran"]
[Result "0-1"]
[WhiteElo "2213"]
[BlackElo "2416"]
[PlyCount "77"]
[EventDate "2005.02.12"]
[EventType "swiss"]
[EventRounds "9"]
[EventCountry "FRA"]
[Source "lmi"]
[SourceDate "2005.02.18"]

1. d4 d6 2. c4 Nf6 3. Nc3 Bf5 4. f3 e5 5. e4 exd4 6. Qxd4 Be6 7. Nd5 Nc6 8.
Nxf6+ gxf6 9. Qe3 Qe7 10. Bd2 O-O-O 11. Bd3 Ne5 12. Bc3 Rg8 13. Kf2 f5 14. exf5
Bh6 15. Qe2 Qg5 16. g4 Bd7 17. h4 Qf4 18. Bxe5 dxe5 19. g5 Bc6 20. Qe3 Rxd3 21.
Qxd3 Rd8 22. Qe3 Qxf5 23. gxh6 Rd3 24. Qe2 e4 25. Rd1 Qc5+ 26. Kf1 Re3 27. Qc2
exf3 28. Rh2 b6 29. b3 Qe5 30. Qd2 Kb7 31. Rf2 f5 32. Re1 f4 33. Qd1 Rxe1+ 34.
Qxe1 Qh5 35. Qe7 Qg6 36. Nxf3 Qd3+ 37. Kg2 Qe3 38. Qg5 a5 39. Kg1 0-1

[Event "21. Open Cappelle la Grande"]
[Site "Cappelle la Grande FRA"]
[Date "2005.02.13"]
[Round "3"]
[White "Napoli, Nicolo"]
[Black "Colin, Vincent"]
[Result "1-0"]
[WhiteElo "2205"]
[BlackElo "2402"]
[PlyCount "80"]
[EventDate "2005.02.12"]
[EventType "swiss"]
[EventRounds "9"]
[EventCountry "FRA"]
[Source "lmi"]
[SourceDate "2005.02.18"]

1. d4 Nf6 2. Nc3 d5 3. Bg5 Nbd7 4. f3 c6 5. e4 Qb6 6. Rb1 e6 7. Nge2 dxe4 8.
fxe4 e5 9. Qd2 Bb4 10. Be3 Nxe4 11. Qd3 Bxc3+ 12. Nxc3 Nxc3 13. Qxc3 Qc7 14.
Bc4 Nb6 15. Bb3 Be6 16. O-O Bxb3 17. Qxb3 O-O 18. dxe5 Rfe8 19. Rf3 Nd5 20.
Rbf1 b5 21. Bc5 a5 22. Bd6 Qb6+ 23. Kh1 Ra7 24. c4 a4 25. Qd3 bxc4 26. Qxc4 Qb5
27. Qd4 Rb7 28. h3 h6 29. R1f2 Re6 30. Qg4 Rg6 31. Qc8+ Kh7 32. b3 axb3 33.
Rxb3 Qa5 34. Qf5 Rxb3 35. axb3 Qe1+ 36. Kh2 Ne3 37. Qxf7 h5 38. g3 h4 39. g4
Qc1 40. Qf4 Qd1 1-0

[Event "21. Open Cappelle la Grande"]
[Site "Cappelle la Grande FRA"]
[Date "2005.02.13"]
[Round "3"]
[White "Yrjola, Jouni"]
[Black "Lanneau, Bertrand"]
[Result "1-0"]
[WhiteElo "2401"]
[BlackElo "2173"]
[PlyCount "73"]
[EventDate "2005.02.12"]
[EventType "swiss"]
[EventRounds "9"]
[EventCountry "FRA"]
[Source "lmi"]
[SourceDate "2005.02.18"]

1. d4 d6 2. Nf3 g6 3. c4 Bg7 4. Nc3 Nf6 5. e4 O-O 6. Be2 e5 7. Be3 Ng4 8. Bg5
f6 9. Bh4 Nc6 10. d5 Ne7 11. Nd2 Nh6 12. f3 c6 13. dxc6 bxc6 14. b4 Be6 15. Nb3
d5 16. Na5 d4 17. Na4 Qc7 18. Nc5 Bc8 19. O-O Nf7 20. Nab3 f5 21. b5 Bh6 22.
Bf2 Ng5 23. Bd3 Ne6 24. Nxe6 Bxe6 25. Nc5 Bf7 26. Na6 Qd7 27. Qe2 Qd6 28. c5
Qf6 29. b6 axb6 30. cxb6 c5 31. Nxc5 Qd6 32. b7 Qxc5 33. bxa8=Q Rxa8 34. a4 Nc6
35. exf5 gxf5 36. Bxf5 Nb4 37. Qb5 1-0

[Event "21. Open Cappelle la Grande"]
[Site "Cappelle la Grande FRA"]
[Date "2005.02.13"]
[Round "3"]
[White "Leburgue, Sylvain"]
[Black "Alexandrova, Olga"]
[Result "0-1"]
[WhiteElo "2192"]
[BlackElo "2400"]
[PlyCount "88"]
[EventDate "2005.02.12"]
[EventType "swiss"]
[EventRounds "9"]
[EventCountry "FRA"]
[Source "lmi"]
[SourceDate "2005.02.18"]

1. e4 c5 2. Nf3 e6 3. d4 cxd4 4. Nxd4 a6 5. Bd3 Nc6 6. Nxc6 dxc6 7. O-O e5 8.
Nd2 Qc7 9. Nc4 b5 10. Ne3 Bc5 11. a4 Rb8 12. Qe1 Ne7 13. c4 b4 14. b3 O-O 15.
Kh1 Rd8 16. Bb1 Ng6 17. Nf5 Be6 18. Be3 Qa7 19. Bc2 Bxe3 20. fxe3 f6 21. Rd1
Qb6 22. Qg3 Rxd1 23. Rxd1 Rd8 24. h4 Rxd1+ 25. Bxd1 Qd8 26. Bf3 Bxf5 27. exf5
Ne7 28. Qg4 Qd3 29. Qh5 Kf8 30. Qxh7 Qxb3 31. Qh8+ Ng8 32. Bxc6 Qd1+ 33. Kh2 b3
34. Bd5 Qxd5 35. cxd5 b2 36. Qh5 b1=Q 37. Qe2 Qxf5 38. Qxa6 Nh6 39. Qd6+ Kf7
40. Qc7+ Kg6 41. d6 Ng4+ 42. Kh3 Nxe3+ 43. Kh2 Ng4+ 44. Kh3 Qd3+ 0-1

[Event "21. Open Cappelle la Grande"]
[Site "Cappelle la Grande FRA"]
[Date "2005.02.13"]
[Round "3"]
[White "Magomedov, Magaram"]
[Black "Anka, Emil"]
[Result "0-1"]
[WhiteElo "2575"]
[BlackElo "2437"]
[PlyCount "54"]
[EventDate "2005.02.12"]
[EventType "swiss"]
[EventRounds "9"]
[EventCountry "FRA"]
[Source "lmi"]
[SourceDate "2005.02.18"]

1. e4 c5 2. c3 e6 3. d4 d5 4. exd5 exd5 5. Be3 c4 6. b3 cxb3 7. axb3 Nc6 8. Bb5
Bd6 9. Bxc6+ bxc6 10. Ne2 Nf6 11. Bg5 O-O 12. h3 h6 13. Bh4 a5 14. O-O Ba6 15.
Bxf6 Qxf6 16. Re1 Bc7 17. Nd2 Bd3 18. Nf1 Bg6 19. Neg3 Rab8 20. Ra2 Rfe8 21.
Rxe8+ Rxe8 22. Nd2 Bxg3 23. fxg3 Re3 24. Qc1 Re2 25. Qf1 Qxf1+ 26. Kxf1 Bd3 27.
Kg1 Be4 0-1

[Event "21. Open Cappelle la Grande"]
[Site "Cappelle la Grande FRA"]
[Date "2005.02.13"]
[Round "3"]
[White "Heberla, Bartolomiej"]
[Black "Stefansson, Hannes"]
[Result "1/2-1/2"]
[WhiteElo "2438"]
[BlackElo "2561"]
[PlyCount "22"]
[EventDate "2005.02.12"]
[EventType "swiss"]
[EventRounds "9"]
[EventCountry "FRA"]
[Source "lmi"]
[SourceDate "2005.02.18"]

1. e4 e5 2. Nf3 Nc6 3. Bc4 Bc5 4. c3 Nf6 5. d3 a6 6. Bb3 Ba7 7. Nbd2 d6 8. h3
Ne7 9. Nf1 Ng6 10. Ng3 O-O 11. O-O Be6 1/2-1/2

[Event "21. Open Cappelle la Grande"]
[Site "Cappelle la Grande FRA"]
[Date "2005.02.13"]
[Round "3"]
[White "Landa, Konstantin"]
[Black "Socko, Monika"]
[Result "1/2-1/2"]
[WhiteElo "2574"]
[BlackElo "2441"]
[PlyCount "67"]
[EventDate "2005.02.12"]
[EventType "swiss"]
[EventRounds "9"]
[EventCountry "FRA"]
[Source "lmi"]
[SourceDate "2005.02.18"]

1. e4 e6 2. d4 d5 3. Nc3 Bb4 4. e5 c5 5. Bd2 Ne7 6. Nb5 Bxd2+ 7. Qxd2 O-O 8. f4
b6 9. Nf3 Ba6 10. Nd6 Bxf1 11. Rxf1 Nbc6 12. O-O-O Nc8 13. dxc5 bxc5 14. Nxc8
Rxc8 15. f5 Qa5 16. Qxa5 Nxa5 17. Rd3 Nc6 18. Rc3 Nb4 19. Ra3 Rc7 20. f6 g6 21.
h4 h6 22. Ra5 d4 23. Nd2 c4 24. Ra4 Rb8 25. Rf4 c3 26. bxc3 Rxc3 27. Rxd4 a5
28. Kd1 Nxc2 29. Rd7 Ne3+ 30. Ke2 Nd5 31. Rxa5 Re3+ 32. Kd1 Rxe5 33. Rda7 Ne3+
34. Ke2 1/2-1/2

[Event "21. Open Cappelle la Grande"]
[Site "Cappelle la Grande FRA"]
[Date "2005.02.13"]
[Round "3"]
[White "Yevseev, Denis"]
[Black "Szelag, Marcin"]
[Result "1/2-1/2"]
[WhiteElo "2550"]
[BlackElo "2474"]
[PlyCount "50"]
[EventDate "2005.02.12"]
[EventType "swiss"]
[EventRounds "9"]
[EventCountry "FRA"]
[Source "lmi"]
[SourceDate "2005.02.18"]

1. d4 Nf6 2. c4 g6 3. Nc3 Bg7 4. e4 O-O 5. Be2 d6 6. Bg5 c5 7. d5 Qa5 8. Bd2 e6
9. Nf3 exd5 10. exd5 Bg4 11. O-O Nbd7 12. h3 Bxf3 13. Bxf3 a6 14. a4 Qc7 15. a5
Rfe8 16. Qa4 Ne5 17. Be2 Ned7 18. Qc2 Re7 19. Rfe1 Rae8 20. Bf1 Rxe1 21. Bxe1
Nh5 22. Bd2 f5 23. Be2 Nhf6 24. Bd3 Ne5 25. Be2 Ned7 1/2-1/2

[Event "21. Open Cappelle la Grande"]
[Site "Cappelle la Grande FRA"]
[Date "2005.02.13"]
[Round "3"]
[White "Oleksienko, Mikhailo"]
[Black "Kveinys, Aloyzas"]
[Result "0-1"]
[WhiteElo "2469"]
[BlackElo "2518"]
[PlyCount "128"]
[EventDate "2005.02.12"]
[EventType "swiss"]
[EventRounds "9"]
[EventCountry "FRA"]
[Source "lmi"]
[SourceDate "2005.02.18"]

1. e4 c5 2. Nf3 e6 3. d4 cxd4 4. Nxd4 a6 5. Nc3 Qc7 6. Be2 Nf6 7. O-O Bb4 8.
Qd3 Nc6 9. Bg5 h6 10. Bxf6 gxf6 11. Kh1 Qd6 12. Nb3 Qxd3 13. cxd3 Na5 14. d4 b5
15. Rfc1 Bb7 16. Nc5 Bxc5 17. dxc5 b4 18. Na4 Bxe4 19. Nb6 Rb8 20. Bxa6 Bc6 21.
Rd1 Rg8 22. f3 Rg5 23. Rac1 Nb7 24. Nxd7 Bxd7 25. c6 Bc8 26. Rd4 Rc5 27. Rxc5
Nxc5 28. c7 Rb6 29. Rd8+ Ke7 30. Rxc8 Kd6 31. Rf8 Kxc7 32. Rxf7+ Kd6 33. Bc4
Ke5 34. Rc7 Kd4 35. b3 f5 36. f4 Rd6 37. g3 Ne4 38. Bb5 Nc3 39. Ba4 Ke3 40. Rd7
Ra6 41. Kg2 Nxa4 42. bxa4 Rxa4 43. Kh3 Rxa2 44. Rd6 b3 45. Rxe6+ Kd4 46. Rxh6
Kc5 47. Rh8 Ra6 48. Rc8+ Rc6 49. Re8 b2 50. Re1 Kb4 51. Rb1 Rh6+ 52. Kg2 Kc3
53. g4 fxg4 54. Kg3 Kc2 55. Rf1 Rb6 56. Kxg4 b1=Q 57. Rxb1 Rxb1 58. h4 Kd3 59.
Kf5 Rb5+ 60. Kg6 Ke4 61. f5 Ke5 62. h5 Rb6+ 63. Kg5 Rb1 64. Kg6 Rg1+ 0-1

[Event "21. Open Cappelle la Grande"]
[Site "Cappelle la Grande FRA"]
[Date "2005.02.13"]
[Round "3"]
[White "Degraeve, Jean Marc"]
[Black "Czarnota, Pawel"]
[Result "0-1"]
[WhiteElo "2569"]
[BlackElo "2432"]
[PlyCount "74"]
[EventDate "2005.02.12"]
[EventType "swiss"]
[EventRounds "9"]
[EventCountry "FRA"]
[Source "lmi"]
[SourceDate "2005.02.18"]

1. e4 c6 2. d4 d5 3. e5 Bf5 4. Be3 e6 5. Nd2 Nd7 6. f4 h5 7. Be2 Bg6 8. Ngf3
Nh6 9. a3 Be7 10. h3 Bh4+ 11. Bf2 Bxf2+ 12. Kxf2 h4 13. Nf1 Nf5 14. Bd3 c5 15.
Bxf5 Bxf5 16. Ne3 Be4 17. Ng5 Bg6 18. c4 Qb6 19. cxd5 Qxb2+ 20. Qe2 Qxd4 21.
dxe6 Qxf4+ 22. Nf3 Qg3+ 23. Kg1 fxe6 24. Qc4 Bf7 25. Rd1 O-O-O 26. Nf1 Qg6 27.
Nxh4 Qh6 28. Nf3 Kb8 29. Rd6 Rhe8 30. h4 Bh5 31. Ng5 Nxe5 32. Qxc5 Qf6 33. Rh3
Rc8 34. Qf2 Qxf2+ 35. Kxf2 Rf8+ 36. Nf3 Rc3 37. Rxe6 Nxf3 0-1

[Event "21. Open Cappelle la Grande"]
[Site "Cappelle la Grande FRA"]
[Date "2005.02.13"]
[Round "3"]
[White "Spraggett, Kevin"]
[Black "Abergel, Thal"]
[Result "1-0"]
[WhiteElo "2589"]
[BlackElo "2443"]
[PlyCount "91"]
[EventDate "2005.02.12"]
[EventType "swiss"]
[EventRounds "9"]
[EventCountry "FRA"]
[Source "lmi"]
[SourceDate "2005.02.18"]

1. e4 c5 2. Nf3 d6 3. d4 cxd4 4. Nxd4 Nf6 5. Nc3 Nc6 6. Bg5 Bd7 7. Qd2 Rc8 8.
Nxc6 bxc6 9. Be2 Rb8 10. O-O h6 11. Be3 Qc7 12. f4 e6 13. b3 Be7 14. Kh1 d5 15.
Bd4 Qa5 16. a3 dxe4 17. Be5 Rb7 18. b4 Qd8 19. Na4 Bc8 20. Qe3 O-O 21. Rad1 Rd7
22. c4 Bd6 23. Bxd6 Rxd6 24. Qxa7 Rd7 25. Qe3 Qc7 26. Rxd7 Nxd7 27. Qxe4 e5 28.
fxe5 Nxe5 29. Nc5 f6 30. Qe3 Qf7 31. Qc3 Be6 32. Nxe6 Qxe6 33. a4 Ra8 34. a5
Qd6 35. Rd1 Qc7 36. c5 Kh8 37. h3 Re8 38. a6 Qb8 39. Bf1 Re7 40. Rd4 Nf7 41.
Qd2 Qc7 42. Bc4 Qe5 43. Bxf7 Rxf7 44. Rd8+ Kh7 45. Qd3+ f5 46. Rd6 1-0

[Event "21. Open Cappelle la Grande"]
[Site "Cappelle la Grande FRA"]
[Date "2005.02.13"]
[Round "3"]
[White "Zhang Pengxiang"]
[Black "Naumkin, Igor"]
[Result "1-0"]
[WhiteElo "2560"]
[BlackElo "2422"]
[PlyCount "111"]
[EventDate "2005.02.12"]
[EventType "swiss"]
[EventRounds "9"]
[EventCountry "FRA"]
[Source "lmi"]
[SourceDate "2005.02.18"]

1. e4 e6 2. d4 d5 3. Nc3 Bb4 4. e5 c5 5. a3 Bxc3+ 6. bxc3 Ne7 7. h4 Nbc6 8. h5
Qa5 9. Bd2 cxd4 10. cxd4 Qa4 11. Bc3 b6 12. h6 gxh6 13. Qd3 a5 14. Qd2 Ba6 15.
Bxa6 Rxa6 16. Ne2 Qc4 17. Rxh6 b5 18. Rh3 b4 19. axb4 axb4 20. Rxa6 Qxa6 21.
Bb2 Qa2 22. Rb3 Rg8 23. Nf4 Nf5 24. Qd1 Qa7 25. Rd3 Qa2 26. Rb3 Qa7 27. Kf1
Qa6+ 28. Kg1 Qc4 29. c3 Ke7 30. Nd3 Nh4 31. Ne1 Nf5 32. Nf3 Kd7 33. cxb4 Rb8
34. Bc3 Na7 35. Nd2 Qc6 36. Bb2 Nb5 37. Rf3 Ke7 38. Nb3 Qc4 39. Na5 Qc7 40. Qd3
h5 41. Rxf5 exf5 42. Qxf5 Rb6 43. Nb3 Rg6 44. Nc5 Qa7 45. Kh2 Qc7 46. Kg1 Qa7
47. Bc1 Qa1 48. Qd7+ Kf8 49. Qc8+ Kg7 50. Nd7 Nxd4 51. Qf8+ Kh7 52. Qxf7+ Kh8
53. Qxg6 Qxc1+ 54. Kh2 Qf4+ 55. Kh3 Qxf2 56. Nf6 1-0

[Event "21. Open Cappelle la Grande"]
[Site "Cappelle la Grande FRA"]
[Date "2005.02.13"]
[Round "3"]
[White "Jakubowski, Krzysztof"]
[Black "De la Paz, Frank"]
[Result "1/2-1/2"]
[WhiteElo "2488"]
[BlackElo "2466"]
[PlyCount "113"]
[EventDate "2005.02.12"]
[EventType "swiss"]
[EventRounds "9"]
[EventCountry "FRA"]
[Source "lmi"]
[SourceDate "2005.02.18"]

1. e4 e5 2. Nf3 Nc6 3. Bb5 a6 4. Ba4 Nf6 5. O-O Be7 6. Re1 b5 7. Bb3 O-O 8. h3
Bb7 9. d3 d6 10. a3 Na5 11. Ba2 c5 12. Nc3 Nc6 13. Ne2 Bc8 14. Ng3 Be6 15. Bb1
h6 16. c3 Re8 17. d4 cxd4 18. cxd4 exd4 19. Nxd4 Nxd4 20. Qxd4 Nd7 21. Nh5 Bf8
22. Nf4 Bc4 23. Bc2 Nc5 24. Qd1 Qf6 25. Nh5 Qe6 26. Re3 g6 27. Rg3 Kh7 28. b3
Qe5 29. Bf4 Qxh5 30. Qxh5 gxh5 31. bxc4 bxc4 32. Bxd6 Bxd6 33. e5+ Kh8 34. exd6
Rad8 35. Rc3 Rxd6 36. Rxc4 Re5 37. Rb1 Rd2 38. Rd1 Rxd1+ 39. Bxd1 Kg7 40. Bc2
Ne6 41. h4 Re1+ 42. Kh2 Re2 43. f3 Rd2 44. Bf5 Nd4 45. Be4 a5 46. f4 Nb5 47.
Bf3 Nxa3 48. Ra4 Nc2 49. Ra2 Ne3 50. Rxa5 Ng4+ 51. Kh3 Ne3 52. Ra7 Ng4 53. Ra5
Ne3 54. Ra7 Kg6 55. Ra4 Kg7 56. Ra5 Ng4 57. Ra1 1/2-1/2

[Event "21. Open Cappelle la Grande"]
[Site "Cappelle la Grande FRA"]
[Date "2005.02.13"]
[Round "3"]
[White "Bagheri, Amir"]
[Black "Gonzalez Garcia, Jose"]
[Result "1/2-1/2"]
[WhiteElo "2500"]
[BlackElo "2470"]
[PlyCount "131"]
[EventDate "2005.02.12"]
[EventType "swiss"]
[EventRounds "9"]
[EventCountry "FRA"]
[Source "lmi"]
[SourceDate "2005.02.18"]

1. d4 Nf6 2. Nf3 e6 3. Bg5 c5 4. e3 h6 5. Bh4 b6 6. Bd3 Bb7 7. c3 Be7 8. O-O
O-O 9. Nbd2 d5 10. Qb1 Nbd7 11. b4 c4 12. Bc2 a5 13. b5 Ne8 14. Bxe7 Qxe7 15.
a4 Nd6 16. Ne5 Rac8 17. f3 Rfd8 18. Kh1 Nf8 19. e4 dxe4 20. fxe4 f6 21. Ng4 e5
22. d5 Rc7 23. Qe1 Bc8 24. Bd1 Bxg4 25. Bxg4 Nd7 26. Bxd7 Qxd7 27. Qe3 Rb8 28.
Rae1 Rc5 29. Nf3 Qg4 30. g3 Rd8 31. Nh4 Kf7 32. Kg2 Ke7 33. h3 Qh5 34. Qf2 Kd7
35. Nf3 Qg6 36. Qe2 Re8 37. Nh4 Qh7 38. Qe3 Kc7 39. g4 Rd8 40. Nf5 Kb7 41.
Nxd6+ Rxd6 42. Rf5 Qg6 43. Kf2 Rc7 44. Ke2 Qe8 45. Kd1 Qh8 46. Kc2 g6 47. Rf2
g5 48. Ref1 h5 49. Qe2 hxg4 50. hxg4 Rh7 51. Qxc4 Rh3 52. Rg2 Re3 53. Kd2 Rh3
54. Re1 Kb8 55. Kc2 Kb7 56. Kb2 Kb8 57. Ree2 Kb7 58. Rc2 Qh4 59. Qf1 Rh1 60.
Rg1 Rh3 61. Qf5 Re3 62. Qg6 Qh8 63. Rf1 Rh3 64. Qf7+ Kb8 65. Qe7 Kc8 66. Qf7
1/2-1/2

[Event "21. Open Cappelle la Grande"]
[Site "Cappelle la Grande FRA"]
[Date "2005.02.13"]
[Round "3"]
[White "Burmakin, Vladimir"]
[Black "Kryvoruchko, Yuriy"]
[Result "1-0"]
[WhiteElo "2554"]
[BlackElo "2474"]
[PlyCount "79"]
[EventDate "2005.02.12"]
[EventType "swiss"]
[EventRounds "9"]
[EventCountry "FRA"]
[Source "lmi"]
[SourceDate "2005.02.18"]

1. d4 Nf6 2. Nf3 c5 3. d5 b5 4. Bg5 Qb6 5. Bxf6 Qxf6 6. c3 d6 7. e4 a6 8. a4 b4
9. Qc2 Nd7 10. Be2 Rb8 11. O-O g5 12. cxb4 Rxb4 13. Nc3 Bg7 14. a5 O-O 15. Ra4
Rb8 16. Ra3 Ne5 17. Nd2 Qg6 18. Na4 Rb4 19. b3 f5 20. Nb6 Bb7 21. exf5 Rxf5 22.
Bh5 Qf6 23. Ne4 Qf8 24. h3 Rd4 25. Ra4 Rxd5 26. Nxd5 Bxd5 27. Be2 Qf7 28. Nd2
Rf4 29. Bxa6 g4 30. Rxf4 Qxf4 31. Bc4 Nxc4 32. bxc4 Bc6 33. Qd3 Be5 34. g3 Qf7
35. hxg4 e6 36. Ne4 Qg6 37. Nxc5 dxc5 38. Qxg6+ hxg6 39. Re1 Bb8 40. Rxe6 1-0

[Event "21. Open Cappelle la Grande"]
[Site "Cappelle la Grande FRA"]
[Date "2005.02.13"]
[Round "3"]
[White "Seret, Jean Luc"]
[Black "Baklan, Vladimir"]
[Result "0-1"]
[WhiteElo "2359"]
[BlackElo "2578"]
[PlyCount "72"]
[EventDate "2005.02.12"]
[EventType "swiss"]
[EventRounds "9"]
[EventCountry "FRA"]
[Source "lmi"]
[SourceDate "2005.02.18"]

1. e4 c5 2. Nf3 d6 3. c3 Nf6 4. h3 Nc6 5. d3 g6 6. Nbd2 Bg7 7. Be2 O-O 8. O-O
Nd7 9. Re1 Rb8 10. a4 a6 11. Nb3 e5 12. d4 exd4 13. cxd4 cxd4 14. Bg5 Nf6 15.
Bd3 h6 16. Bd2 Ne8 17. Bf4 Be6 18. Bc2 Qf6 19. Bc1 Rc8 20. Ra3 Nc7 21. Na1 Rfe8
22. Bb1 b5 23. axb5 axb5 24. Nh2 d5 25. Qc2 Bd7 26. Rf3 Qd8 27. Nb3 d3 28. Qd1
dxe4 29. Rfe3 f5 30. Nc5 Ne6 31. Ba2 Kh7 32. Nxd7 Qxd7 33. g4 Ncd4 34. gxf5
gxf5 35. Bd2 Ne2+ 36. Kh1 Qb7 0-1

[Event "21. Open Cappelle la Grande"]
[Site "Cappelle la Grande FRA"]
[Date "2005.02.13"]
[Round "3"]
[White "Delchev, Aleksander"]
[Black "Bobras, Piotr"]
[Result "1-0"]
[WhiteElo "2597"]
[BlackElo "2481"]
[PlyCount "61"]
[EventDate "2005.02.12"]
[EventType "swiss"]
[EventRounds "9"]
[EventCountry "FRA"]
[Source "lmi"]
[SourceDate "2005.02.18"]

1. e4 c5 2. Nf3 e6 3. d4 cxd4 4. Nxd4 Nf6 5. Nc3 Nc6 6. Ndb5 d6 7. Bf4 e5 8.
Bg5 a6 9. Na3 b5 10. Bxf6 gxf6 11. Nd5 f5 12. Bd3 Be6 13. O-O Bxd5 14. exd5 Ne7
15. Re1 Bg7 16. c3 Qc8 17. Nc2 Rb8 18. a4 e4 19. Bf1 b4 20. Nxb4 a5 21. Nc6
Rxb2 22. Qc1 Rb6 23. Qg5 Rxc6 24. Qxg7 Rg8 25. Qxh7 Rxc3 26. Bb5+ Kf8 27. Qh6+
Rg7 28. Qxd6 Rg6 29. Qe5 Qc5 30. Rab1 Nxd5 31. Bc4 1-0

[Event "21. Open Cappelle la Grande"]
[Site "Cappelle la Grande FRA"]
[Date "2005.02.13"]
[Round "3"]
[White "Kuczynski, Robert"]
[Black "Fedorchuk, Sergey A"]
[Result "1-0"]
[WhiteElo "2475"]
[BlackElo "2570"]
[PlyCount "91"]
[EventDate "2005.02.12"]
[EventType "swiss"]
[EventRounds "9"]
[EventCountry "FRA"]
[Source "lmi"]
[SourceDate "2005.02.18"]

1. e4 e5 2. Nf3 Nc6 3. Bc4 Bc5 4. c3 Nf6 5. d3 a6 6. O-O Ba7 7. Bb3 d6 8. Nbd2
Ne7 9. Re1 Ng6 10. Nf1 O-O 11. h3 c6 12. Ng3 b5 13. d4 c5 14. dxe5 dxe5 15.
Qxd8 Rxd8 16. Bg5 c4 17. Bc2 Rd6 18. Nf5 Re6 19. a4 Bb7 20. axb5 axb5 21. Ra3
Bb6 22. Rxa8+ Bxa8 23. b3 cxb3 24. Bxb3 Nxe4 25. Re2 Nxg5 26. Nxg5 Rf6 27. Nxf7
Kf8 28. Nxe5 Bxf2+ 29. Rxf2 Nxe5 30. Nd4 Rxf2 31. Kxf2 b4 32. cxb4 Nd3+ 33. Kg3
Nxb4 34. Ne6+ Ke7 35. Nxg7 Be4 36. Nh5 Bc2 37. Bxc2 Nxc2 38. Kf4 Kf7 39. Kg5
Ne3 40. g4 Nd5 41. Kh6 Kg8 42. g5 Kh8 43. Nf6 Nf4 44. Nxh7 Kg8 45. h4 Ng2 46.
g6 1-0